000 00628nam a2200205 a 4500
001 3271
003 CDMR
005 20131204121718.0
008 130130s1969||||||||||||||||||||||||||||d
040 _aCDMR
_bcat
_cCDMR
100 1 _aYoung, Kimball
_91613
245 1 0 _aPsicología social de la opinión pública y de los medios de comunicación
_cKimball Young
260 _aBuenos Aires
_c1969
_bPaidós
300 _a249 p.
490 0 _aBiblioteca del Hombre Contemporáneo
_v210
650 0 4 _94443
_aPsicologia social
650 0 4 _92537
_aOpinió pública
650 0 4 _9405
_aMitjans de comunicació de massa
942 _cMON
_2udc
999 _c3271
_d3271